000 01166nam a2200313 i 4500
003 EG-GICUC
005 20260504215605.0
008 260502n1900 ua a|||f |||| 000 0 ara d
040 _a EG-GICUC
_bara
_c EG-GICUC
_d EG-GICUC
_erda
041 0 _aara
082 0 4 _221
_a343.6042
_bح س . ج
099 _aLaw1 10 343.25 ح س . ج [1900] 1011101 C1
100 0 _aحسين احمد على.
_eمؤلف.
245 1 2 _aالجريمة فى الجمهورية العربية المتحدة /
_cحسين احمد على.
264 0 _a[القاهرة] :
_c[1900].
_bد
300 _a385 صفحة :
_b؛ إيضاحيات
_c24 سم.
336 _2rda content
_atext
337 _2rda media
_aComputer
338 _2rda carrier
_aOnline Resource
504 _aيشتمل على إرجاعات ببليوجرافية.
504 _aببليوجرافية صفحة : 384-385.
546 _aالنص باللغة العربية
650 1 4 _aالقانون الجنائي
_2qrmak
650 1 4 _aعلم الإجرام
_xإحصائيات
651 1 _2qrmak
856 4 0 _uhttps://fll.law.cu.edu.eg/fulltext/bks/B10-11101.pdf
905 _a164
942 _2ddc
_cBK
_e21
_n0
999 _c75044
_d75044